000 02440nam0a2200397 4500
001 RU\NLR\BIBL_A\012934755
005 20230112164926.0
010 _a978-5-00169-917-0
_93000
021 _aRU
_bКН-П-22-067206
_9КН-П-22-5842
035 _a(NLR Aleph) 012934755
035 _a(RuMoRGB)011252604
090 _a12686332
_c12686332
100 _a20221109d2022 c y0rusy50 ca
101 1 _arus
_cita
102 _aRU
105 _aa|||z|||000ay
181 0 _ai2
_bab2e
181 0 _ab2
_bbb2e
182 0 _an
200 1 _aБезработный Дед Мороз
_iВолшебный круговорот
_e[сказка
_eдля среднего школьного возраста]
_fМикеле Д'Иньяцио
_gперевод с итальянского Ксении Тименчик
_gиллюстрации Серджо Оливотти
203 _aТекст
_aИзображение
_bвизуальные
_cнепосредственные
210 _aМосква
_cМанн, Иванов и Фербер
_cМИФ
_d2022
215 _a103, [7] с.
_cцв. ил.
_d21
225 1 _aСерия "Безработный Дед Мороз"
300 _aНа тит. с. и обл. в загл. в слове "Беззаботный..." 2-я буква "з" зачеркнута и исправлена на букву "р"
330 _aДед Мороз трудится не только по Новый год, но и летом. Он теперь работает мусорщиком, а в свободное время мастерит подарки. А ещё он получает тысячи детских писем и каждую просьбу старается выполнить, но вдруг ему начинают приходить странные письма от девочки Неве, которая ничего не просит, но явно грустит и беспокоится. Что это значит? И как ей помочь?
333 _a0+; 6-
517 1 _aБеззаботный Дед Мороз
686 0 _aШ9(4Ит)62-4
700 1 _7ca
_8rus
_aД'Иньяцио
_bМ.
_f1984-
_gМикеле
_9242866
_3RU\NLR\AUTH\770242922
702 1 _aОливотти
_bС.
_gСерджо
_4440
942 _cBOOK
980 _aNB